Harry Potter commençant par E par images - Statistiques

Statistiques générales
  • Ce quiz a été pris 454 fois
  • Le résultat moyen est 11 sur 16
Statistiques - réponses
Par images Hint Réponse % Correct
Créature {Elfe} {de} {maison}
96%
Arme {Épée} de gryffondor
96%
Jeu {Échecs}
88%
Sort {Expecto} {patronum}
85%
Créature {Epouvantard}
81%
Sort de désarmement {Expelliarmus}
79%
Sortilège impardonnable {Endoloris}
78%
Personnage Tom {Elvis} Jedusor
77%
Rue commerçante Allée des {embrumes}
71%
Marque de balais {Eclair} {de} {feu}
71%
Nom de jeune fille Lily {Evans}
63%
Sort dont la formule est "bombarda" Sortilège d'{explosion}
63%
Chouette des Weasley {Errol}
53%
Personnage {Elphias} Doge
49%
Personnage {Ernie} Danlmur
40%
Sorte de potion {Élixir}
31%
Aucun quiz correspondant
Distribution des résultats
% des personnes avec chaque résultat
Percentile par nombre de réponses
Votre historique - résultats
Vous n’avez pas pris ce quiz